Alias Maya: Modeling Lecture Companion (Record no. 48565)

000 -LEADER
fixed length control field 00410nam a22001697a 4500
003 - CONTROL NUMBER IDENTIFIER
control field OSt
005 - DATE AND TIME OF LATEST TRANSACTION
control field 20250620133120.0
008 - FIXED-LENGTH DATA ELEMENTS--GENERAL INFORMATION
fixed length control field 250620b ||||| |||| 00| 0 eng d
040 ## - CATALOGING SOURCE
Transcribing agency clc
082 ## - DEWEY DECIMAL CLASSIFICATION NUMBER
Classification number 770
Item number MAA/A
100 ## - MAIN ENTRY--PERSONAL NAME
Personal name MAAC
245 ## - TITLE STATEMENT
Title Alias Maya: Modeling Lecture Companion
250 ## - EDITION STATEMENT
Edition statement 1st Edition
260 ## - PUBLICATION, DISTRIBUTION, ETC.
Place of publication, distribution, etc. Mumbai
Name of publisher, distributor, etc. Maya Academy of Advanced Cinematics
Date of publication, distribution, etc. 2006
300 ## - PHYSICAL DESCRIPTION
Extent 53p.
942 ## - ADDED ENTRY ELEMENTS (KOHA)
Koha item type Book

No items available.

All Rights Reserved@MUIT

Powered by Koha